Engineering design : a systematic approach (Record no. 235347)
[ view plain ]
| 000 -LEADER | |
|---|---|
| fixed length control field | 00432nam a2200157Ia 4500 |
| 005 - DATE AND TIME OF LATEST TRANSACTION | |
| control field | 20241210152620.0 |
| 008 - FIXED-LENGTH DATA ELEMENTS--GENERAL INFORMATION | |
| fixed length control field | 231221s9999 xx 000 0 und d |
| 020 ## - INTERNATIONAL STANDARD BOOK NUMBER | |
| International Standard Book Number | 9781447160250 |
| 082 ## - DEWEY DECIMAL CLASSIFICATION NUMBER | |
| Classification number | 620.0042 PAH;1 R |
| 100 ## - MAIN ENTRY--PERSONAL NAME | |
| Personal name | Pahl, G. Beitz, W. Feldhusen, J. [et al.] |
| 245 #0 - TITLE STATEMENT | |
| Title | Engineering design : a systematic approach |
| 250 ## - EDITION STATEMENT | |
| Edition statement | 3rd ed. |
| 260 ## - PUBLICATION, DISTRIBUTION, ETC. (IMPRINT) | |
| Date of publication, distribution, etc. | 2007 |
| Name of publisher, distributor, etc. | Springer |
| Place of publication, distribution, etc. | Heidelberg |
| 300 ## - PHYSICAL DESCRIPTION | |
| Extent | xxi, 617 |
| 942 ## - ADDED ENTRY ELEMENTS (KOHA) | |
| Koha item type | Arch Books |
| Date last seen | Total Checkouts | Full call number | Accession number | Cost, replacement price | Price effective from | Category | Lost status | Source of classification or shelving scheme | Damaged status | Department | Withdrawn status | bill no. | Permanent Location | Current Location | Shelving location | Entry date | Vendor | Cost, normal purchase price | Grants | Currency symbol | Conversion rate | Discount | Discount type |
|---|---|---|---|---|---|---|---|---|---|---|---|---|---|---|---|---|---|---|---|---|---|---|---|
| 26/01/2024 | 620.0042 PAH;1 R | AR1059 | 5750.36 | 26/01/2024 | Arch Books | Dewey Decimal Classification | MB/1241/2018-19 | Architecture Library | Architecture Library | ARCH | 08/03/2019 | Metro Books | 89.99 | Design | EURO | 85.2 | 22.4975 | Rupees |
